| 000 | 01999nam a2200373 a 4500 | ||
|---|---|---|---|
| 001 | ebr10518916 | ||
| 003 | CaPaEBR | ||
| 006 | m u | ||
| 007 | cr cn||||||||| | ||
| 008 | 110907s2012 nyuab sb 001 0 eng d | ||
| 010 | _z 2011037686 | ||
| 020 | _z9780801449079 (cloth alk. paper) | ||
| 020 | _z9780801463112 (e-book) | ||
| 040 |
_aCaPaEBR _cCaPaEBR |
||
| 035 | _a(OCoLC)769850835 | ||
| 043 |
_ae-it--- _aa-tu--- |
||
| 050 | 1 | 4 |
_aDG676.97.T9 _bR69 2012eb |
| 082 | 0 | 4 |
_a303.48/245311049618 _223 |
| 100 | 1 |
_aRothman, E. Natalie _q(Ella Natalie), _d1976- |
|
| 245 | 1 | 0 |
_aBrokering empire _h[electronic resource] : _btrans-imperial subjects between Venice and Istanbul / _cE. Natalie Rothman. |
| 260 |
_aIthaca : _bCornell University Press, _c2012. |
||
| 300 |
_axx, 323 p. : _bill., map. |
||
| 504 | _aIncludes bibliographical references and index. | ||
| 505 | 0 | _aTrans-imperial subjects as supplicants and as brokers -- Brokering commerce or making friends? -- Narrating transition -- Practicing conversion -- Making Venetian dragomans -- Articulating difference -- Levantines : genealogies of a category. | |
| 520 | _a"Explores how diplomatic interpreters, converts, and commercial brokers mediated and helped define political, linguistic, and religious boundaries between the Venetian and Ottoman empires in the sixteenth and seventeenth centuries."--Author's Web site. | ||
| 533 |
_aElectronic reproduction. _bPalo Alto, Calif. : _cebrary, _d2012. _nAvailable via World Wide Web. _nAccess may be limited to ebrary affiliated libraries. |
||
| 651 | 0 |
_aVenice (Italy) _xRelations _zTurkey _zIstanbul. |
|
| 651 | 0 |
_aIstanbul (Turkey) _xRelations _zItaly _zVenice. |
|
| 651 | 0 |
_aVenice (Italy) _xHistory _y1508-1797. |
|
| 651 | 0 |
_aTurkey _xHistory _yOttoman Empire, 1288-1918. |
|
| 655 | 7 |
_aElectronic books. _2local |
|
| 710 | 2 | _aebrary, Inc. | |
| 856 | 4 | 0 |
_uhttp://site.ebrary.com/lib/rucke/Doc?id=10518916 _zAn electronic book accessible through the World Wide Web; click to view |
| 999 |
_c236524 _d236524 |
||